| 000 | 00660cam a22002055a 4500 | ||
|---|---|---|---|
| 001 | L154156 | ||
| 008 | 111020s2011 xxk f 000 0 eng d | ||
| 020 | _a9780471758495 | ||
| 035 | _a(Sirsi) u154156 | ||
| 041 | 0 | _aeng | |
| 050 | 0 | 4 | _a658.022 |
| 100 | 1 | _aBergeron, H. Edmund | |
| 245 | 0 | 2 | _aA pocket guide to business for engineers and surveyors |
| 260 |
_aNew Jersey _bJohn Wiley & Sons _c2009 |
||
| 520 | _aGives advice on business skills relevant to surveyors, including improving career progression, starting a company and teambuilding. | ||
| 590 | _aKA | ||
| 651 | 4 |
_aUnited Kingdom _y |
|
| 690 | _aMANAGEMENT-BUSINESS MANAGEMENT | ||
| 942 | _n0 | ||
| 999 |
_c112867 _d112867 |
||